000
00296nam a22001457a 4500
003
OSt
020
_a
NA
040
_c
0
082
_2
22
_a
954
100
_a
Lobzang Pelden.
245
_a
Tshangsey zheypai drayang /
260
_b
K. M. T. Press,
_c
c2005.
300
_a
0
_b
ill. ;
942
_2
ddc
_c
DZ
999
_c
4501
_d
4501